[Event "GER-chT U16 Girls"]
[Site "Magdeburg"]
[Date "2023.12.28"]
[Round "4.6"]
[White "Popovidou, Laura"]
[Black "Modali, Nikhilamrutha"]
[Result "0-1"]
[WhiteElo "1021"]
[BlackElo "1281"]
[PlyCount "62"]
[EventDate "2023.12.26"]
[EventType "team-swiss"]
[EventRounds "7"]
[EventCountry "GER"]
[SourceTitle "CB03_2024"]
[SourceDate "2024.01.17"]
[SourceVersion "1"]
[SourceVersionDate "2024.01.17"]
[SourceQuality "1"]
[WhiteTeam "Porz SG II"]
[BlackTeam "Hamburger SK"]
[WhiteTeamCountry "GER"]
[BlackTeamCountry "GER"]

1. e4 c5 2. d3 e6 3. Bf4 Nf6 4. Nf3 Nc6 5. Be2 d6 6. h3 Nd4 7. c3 Nxe2 8. Qxe2 Be7 9. Nbd2 b5 10. d4 a6 11. 0-0 cxd4 12. cxd4 Bb7 13. a4 b4 14. Rfd1 d5 15. e5 Ne4 16. Nf1 a5 17. Qb5+ Qd7 18. Qxd7+ Kxd7 19. h4 Rac8 20. Rac1 Ba6 21. b3 Nc3 22. Rd2 Ne2+ 23. Rxe2 Rxc1 24. Re1 Rxe1 25. Nxe1 Bxh4 26. Nd2 Rc8 27. g3 Be7 28. Kg2 h6 29. Be3 Be2 30. Kh3 Rc1 31. Ng2 Rh1# 0-1

[Event "GER-chT U16 Girls"]
[Site "Neumuenster"]
[Date "2022.12.27"]
[Round "2"]
[White "Bone, Annalena"]
[Black "Popovidou, Laura"]
[Result "1-0"]
[WhiteElo "1348"]
[BlackElo "956"]
[PlyCount "77"]
[EventDate "2022.12.26"]
[EventType "team-swiss"]
[EventRounds "7"]
[EventCountry "GER"]
[SourceTitle "CBM 212 Extra"]
[Source "ChessBase"]
[SourceDate "2023.03.31"]
[SourceVersion "1"]
[SourceVersionDate "2023.03.31"]
[SourceQuality "1"]
[WhiteTeam "Raesfeld Erle"]
[BlackTeam "Porz SG II"]
[WhiteTeamCountry "GER"]
[BlackTeamCountry "GER"]

1. e4 e5 2. Nf3 Nc6 3. Bc4 Bc5 4. c3 d6 5. d4 Bb6 6. b4 exd4 7. cxd4 Nf6 8. Nc3 Nxb4 9. Qa4+ Nc6 10. d5 Bd7 11. dxc6 Bxc6 12. Qc2 h6 13. 0-0 0-0 14. Qd3 Bd7 15. Nh4 Re8 16. Qf3 Bg4 17. Qg3 Bd4 18. Rb1 Rb8 19. h3 Nxe4 20. Nxe4 Rxe4 21. hxg4 Be5 22. Bxf7+ Kxf7 23. Qf3+ Qf6 24. Qxe4 Qxh4 25. Qf3+ Ke7 26. Bf4 Rf8 27. g3 Qf6 28. Rfe1 g5 29. Qxb7 gxf4 30. Qxc7+ Ke6 31. Qc4+ d5 32. Qc6+ Kf7 33. Qxd5+ Qe6 34. Rxe5 Rd8 35. Qxe6+ Kf8 36. Rf5+ Kg7 37. Rb7+ Kh8 38. Qxh6+ Kg8 39. Qg7# 1-0